000 00804nas a2200265 4500
001 BR2011004431
003 BR-BrBNA
005 20231205115514.0
007 ta
008 230509b bl.|||p| |||| 00| 00por d
040 _aBR-BrBNA
_bpor
_cBiblioteca Nacional de Agricultura
041 _a(Pt)
072 _aH60
100 1 _aBianco, S.
100 1 _aCarvalho, L.B.
100 1 _aBianco, M.S.
245 1 _aEstudo comparativo do acúmulo de massa seca e macronutrientes por plantas de Glycine max e Sida rhombifolia
650 _aGUANXUMA
650 _aERVA DANINHA
650 _aSOJA
650 _aNUTRIENTE MINERAL
773 0 _tCultura Agronômica (Brazil)
_xISSN 0104-1010
_g(2008), v. 17(1) p. 75-86
_wBR2011004431
909 _a202311
_bLúcia
_c55
_dLúcia Elande
942 _2AGRIS
_n0
_cANA
999 _c214149
_d214149